| 000 | 00922nam a2200181Ii 4500 | ||
|---|---|---|---|
| 003 | JO-AjNU | ||
| 008 | 230605s9999||||xx |||||||||||||| ||und|| | ||
| 040 |
_aJO-AjNU _bara _erda _cJO-AjNU |
||
| 041 | _aara | ||
| 050 | 1 | 4 | _aHF3861.2003 |
| 100 | 3 |
_aإعداد عيسى خليل محمد دودين؛ إشراف نسيم فارس برهم, _eauthor _941276 |
|
| 245 | 0 | 0 | _aالمنشآت الصناعية المشتركة في الأردن - دراسة جغرافية |
| 264 | 3 | 1 | _aد،م: د،ن، 2013 |
| 300 |
_a294ص _bرسالة جامعية (دكتوراة في الجغرافيا)-- الجامعة الأردنية ، 2013، يشتمل على المراجع الببلوغرافية باللغة العربية واللغة الإنجليزية ص(255-263)ويشتمل على ملاحق ص( 264-294) |
||
| 336 |
_atext _btxt _2rdacontent |
||
| 337 |
_aunmediated _bn _2rdamedia |
||
| 338 |
_avolume _bnc _2rdacarrier |
||
| 999 |
_aA17585 _c21153 _d21153 |
||